[Event "Seattle Summer Classic"]
[Site "?"]
[Date "2018.08.19"]
[Round "9"]
[White "Sophie, Velea"]
[Black "Jacob, Mayer"]
[Result "1-0"]
[WhiteElo "1768"]
[BlackElo "1789"]
[PlyCount "70"]

1. e4 d5 2. exd5 Qxd5 3. Nc3 Qd6 4. d4 Nf6 5. Nf3 c6 6. Be3 g6 7. Bd3 Bg7 8.
O-O O-O 9. Ne5 Nbd7 10. f4 Nd5 11. Nxd5 cxd5 12. c3 f6 13. Nxd7 Bxd7 14. f5
gxf5 15. Bxf5 Bxf5 16. Rxf5 Qe6 17. Rf3 f5 18. Bf4 Rf6 19. Re3 Qf7 20. Qe2 Re8
21. Re1 e6 22. Be5 Rg6 23. Bxg7 Qxg7 24. Re5 f4 25. Qf3 Kh8 26. R1e2 Qf7 27.
Kh1 Rf6 28. b3 Qg6 29. Re1 Rf5 30. Rxf5 Qxf5 31. c4 dxc4 32. bxc4 Qa5 33. Qd1
Kg8 34. h3 Qc3 35. d5 Rd8 1-0

[Event "Seattle Summer Classic"]
[Site "?"]
[Date "2018.08.19"]
[Round "9"]
[White "Mary, Kuhner"]
[Black "Brian, Sullivan"]
[Result "1-0"]
[WhiteElo "1907"]
[BlackElo "1652"]
[PlyCount "52"]

1. e4 c5 2. Nf3 d6 3. c3 Nf6 4. h3 Nc6 5. Bd3 g6 6. Bc2 Bg7 7. O-O O-O 8. Re1
Qc7 9. d4 cxd4 10. cxd4 b6 11. Nc3 a6 12. Be3 Bb7 13. Rc1 Qd8 14. Qd2 b5 15. b3
Rc8 16. Bb1 Qa5 17. Bh6 Rc7 18. Bxg7 Kxg7 19. Qe3 Re8 (19... Rfc8 20. Ne2 e5
21. d5 Ne7 22. Rcd1 Rc5 23. Ng3 Qd8 24. Nh2 Rc3 25. Qd2 b4 26. Ne2 R3c7 27.
Qxb4 h5 28. Nf3 Nh7 29. Qd2 Ng8 30. Rc1 g5 31. Ng3 Kg6 32. Rxc7 Rxc7 33. Nf5 h4
34. Bd3 Ngf6 35. N3xh4+) 20. Ne2 e5 21. d5 Ne7 22. Rcd1 Rc5 23. Ng3 Qd8 24. Nh2
Rc3 25. Qd2 b4 26. Ne2 Rc7 1-0

[Event "Seattle Summer Classic"]
[Site "?"]
[Date "2018.08.19"]
[Round "8"]
[White "Jeffrey, Yan"]
[Black "Mary, Kuhner"]
[Result "1-0"]
[WhiteElo "1842"]
[BlackElo "1907"]
[PlyCount "15"]

1. e4 e6 2. d4 d5 3. Nd2 Nf6 4. e5 Nfd7 5. Bd3 c5 6. c3 Nc6 7. Ne2 Qh4 (7...
Qb6 8. Nf3 cxd4 9. cxd4 f6 10. exf6 Nxf6 11. O-O Bd6 12. b3 O-O 13. Bb2 Bd7 14.
Nc3 Rae8 15. Re1 e5 16. Na4 Qc7 17. dxe5 Nxe5 18. Bxe5 Bxe5 19. Rc1 Qd6 20.
Nxe5 Rxe5 21. Rxe5 Qxe5 22. Qe2 Qd6 23. f3 Re8 24. Qf2 Qf4 25. Rb1 Bxa4 26.
bxa4 Qxa4 27. Bb5 Qa3 28. Bxe8 Nxe8 29. Rxb7 Qc1+ 30. Qf1 Qc5+ 31. Kh1 Nd6 32.
Rd7 h5 33. Qb1 d4 34. h4 Nf5 35. Qe1 Kh7 36. Qe4 Kh6 37. Qf4+ Kh7 38. Qg4 (38.
Qe4 Kh6 39. Qf4+ Kh7 40. Qg5 Kg8 41. Rxg7+) 38... Kg8 39. Rxg7+) 8. Nf3 1-0

[Event "Seattle Summer Classic"]
[Site "?"]
[Date "2018.09.05"]
[Round "?"]
[White "Adviath, Vijayakumar"]
[Black "Jacob, Mayer"]
[Result "1/2-1/2"]
[WhiteElo "1894"]
[BlackElo "1789"]
[PlyCount "60"]

1. d4 Nf6 2. c4 e5 3. dxe5 Ng4 4. e4 Nxe5 5. f4 Ng6 6. Nf3 Bb4+ 7. Nc3 O-O 8.
Bd3 d6 9. O-O Bxc3 10. bxc3 f5 11. g3 c6 12. Ba3 Na6 13. exf5 Bxf5 14. Bxf5
Rxf5 15. Qxd6 Qb6+ 16. Kh1 Rf6 17. Qd4 Qa5 18. Bb4 Nxb4 19. cxb4 Qxb4 20. Rab1
Qe7 21. Rfe1 Qc7 22. Ne5 Rd6 23. Qb2 b6 24. Nxg6 Rxg6 25. Rbd1 c5 26. Qe5 Rc8
27. Qxc7 Rxc7 28. Re8+ Kf7 29. Rdd8 Re6 30. Rf8+ Ke7 1/2-1/2

[Event "Seattle Summer Classic"]
[Site "?"]
[Date "2018.09.05"]
[Round "?"]
[White "William, Jiang"]
[Black "Alex, Kaelin"]
[Result "0-1"]
[WhiteElo "866"]
[BlackElo "1673"]
[PlyCount "56"]

1. e4 c5 2. Nc3 e6 3. g3 Nc6 4. Bg2 Nf6 5. d3 d5 6. Bg5 d4 7. Nce2 Be7 8. c3 e5
9. f4 Ng4 10. Bxe7 Qxe7 11. Qd2 Ne3 12. Bf3 O-O 13. Nc1 exf4 14. gxf4 Qh4+ 15.
Ke2 Qxf4 16. Nb3 b6 17. cxd4 Nxd4+ 18. Nxd4 cxd4 19. Rc1 Bg4 20. Bxg4 Qxg4+ 21.
Ke1 Rac8 22. Ne2 Rxc1+ 23. Nxc1 Rc8 24. Nb3 Rc2 25. Qxc2 Nxc2+ 26. Kf2 Qf4+ 27.
Kg2 Ne3+ 28. Kh3 Qg4# 0-1

[Event "Seattle Summer Classic"]
[Site "?"]
[Date "2018.08.18"]
[Round "7"]
[White "Kate, Jiang"]
[Black "Rowen, Foxley"]
[Result "1-0"]
[WhiteElo "1675"]
[BlackElo "1352"]
[PlyCount "66"]

1. e4 c5 2. Nf3 d6 3. c3 Nf6 4. Bd3 Nc6 5. O-O h5 6. Bc2 h4 7. h3 Bd7 8. a3 e5
9. d4 Qc8 10. Kh2 cxd4 11. cxd4 exd4 12. Re1 Qc7 13. Bf4 Nh5 14. Qd2 O-O-O 15.
Ba4 f6 16. Kg1 g5 17. Bh2 g4 18. hxg4 Bxg4 19. Nxd4 Nxd4 20. Qxd4 Kb8 21. Bd1
Qc1 22. Kf1 Qg5 23. Bxg4 Qxg4 24. Qd1 Qg5 25. Nc3 Rg8 26. Qf3 Rd7 27. Nd1 Qb5+
28. Qe2 Qg5 29. Ne3 f5 30. Qb5 Qd8 31. Qxf5 Qe8 32. Rad1 Re7 (32... Rf7 33. Qd5
Ng3+ 34. Bxg3 Rxg3 35. Nf5 Rg6 36. Re3 Rgf6 37. Rh3 Be7 38. Rc1 Qd7 39. Rhc3
Rf8 40. Qc4 Rxf5 41. exf5 Qxf5 42. Qc7+ Ka8 43. Qc8+) 33. Qd5 Ng3+ 1-0

[Event "Seattle Summer Classic"]
[Site "?"]
[Date "2018.08.19"]
[Round "8"]
[White "Saket, Sing"]
[Black "Lois Amelia, Ruff"]
[Result "1-0"]
[WhiteElo "1317"]
[BlackElo "1079"]
[PlyCount "53"]

1. e4 e5 2. Nf3 Nf6 3. Nxe5 d6 4. Nf3 Nxe4 5. Nc3 Nxc3 6. dxc3 Bg4 7. h3 Be6 8.
Be2 g6 9. O-O Bg7 10. Bf4 O-O 11. Qd2 Re8 12. Bh6 Bh8 13. Rfe1 Nd7 14. Bd3 Nc5
15. Bg5 Qd7 16. Bh6 Nxd3 17. cxd3 a6 18. d4 Bd5 19. Nh2 Qc6 20. Rad1 Bxg2 21.
Rxe8+ Rxe8 22. d5 Bxd5 23. Qxd5 Re1+ 24. Rxe1 Be5 25. Rxe5 dxe5 26. Qd8+ Qe8
27. Qxe8# 1-0

[Event "Seattle Summer Classic"]
[Site "?"]
[Date "2018.08.16"]
[Round "1"]
[White "Richard, Tang"]
[Black "Ani, Barua"]
[Result "1-0"]
[WhiteElo "1629"]
[BlackElo "1442"]
[PlyCount "95"]

1. e4 e5 2. Nf3 Nc6 3. Bb5 a6 4. Ba4 Nf6 5. O-O Be7 6. Re1 b5 7. Bb3 d6 8. h3
Na5 9. d3 O-O 10. Bd2 Nxb3 11. axb3 Bb7 12. Nc3 c5 13. Ne2 Re8 14. c3 Bf8 15.
Ng3 g6 16. Nh2 Bg7 17. Qc1 d5 18. Bh6 Qd6 19. Bxg7 Kxg7 20. Qg5 Bc8 21. Nf5+
Bxf5 22. exf5 h6 23. Qg3 Kh7 24. fxg6+ fxg6 25. Ng4 Nxg4 26. Qxg4 Qe6 27. Qxe6
Rxe6 28. f4 e4 29. dxe4 dxe4 30. Rad1 Ra7 31. Rd5 Rc7 32. Re5 Rce7 33. Rxc5 e3
34. Rd5 Kg7 35. Rd3 Kf6 36. g3 Kf5 37. Kg2 g5 38. g4+ Kxf4 39. Rd4+ Ke5 40.
Rxe3+ Kf6 41. Rxe6+ Rxe6 42. Kf2 Ke5 43. Rd3 Kf6 44. c4 bxc4 45. bxc4 Rb6 46. b3 a5 47. Ke3 a4 48. bxa4 Rb4 49. Kd4 Rxa4 50. Re3 Ra8 51. c5 Rd8+ 52. Kc4 Rc8 53. Kd5 Rd8+ 54. Kc6 Rc8+ 55. Kb6 Rb8+ 56. Kc7 Rb4 57. c6 Rc4
58. Kd7 Rd4+ 59. Kc8 Rc4 60. c7 Rc2 61. Rd3 Ke6 62. Kd8 1-0

[Event "Seattle Summr Classic"]
[Site "?"]
[Date "2018.08.16"]
[Round "2"]
[White "Ani, Barua"]
[Black "Cleaveland, Johnson"]
[Result "1/2-1/2"]
[WhiteElo "1466"]
[BlackElo "1442"]
[PlyCount "51"]

1. e4 c5 2. Nf3 d6 3. Bb5+ Bd7 4. Bxd7+ Nxd7 5. O-O Ngf6 6. Re1 g6 7. c3 Bg7 8.
d4 cxd4 9. cxd4 Qc7 10. Nc3 a6 11. Bd2 O-O 12. Qb3 b5 13. Rac1 Qb7 14. e5 dxe5
15. dxe5 Nc5 16. Qc2 Nfd7 17. b4 Ne6 18. Qd3 Nb6 19. Qe4 Qxe4 20. Nxe4 Nc4 21.
Bc3 Rfd8 22. Ned2 Bh6 23. Rcd1 Rd3 24. Ne4 Rad8 25. Rxd3 Rxd3 26. Ba1 1/2-1/2

[Event "Seattle Summer Classic"]
[Site "?"]
[Date "2018.08.17"]
[Round "3"]
[White "William, Jiang"]
[Black "Ani, Barua"]
[Result "1-0"]
[WhiteElo "866"]
[BlackElo "1442"]
[PlyCount "21"]

1. e4 e5 2. Nf3 Nc6 3. Bc4 Bc5 4. O-O Nf6 5. d4 exd4 6. e5 d5 7. exf6 dxc4 8.
Re1+ Be6 9. Ng5 Qxf6 10. Nxe6 fxe6 11. Qh5+ 1-0

[Event "Seattle Summer Classic"]
[Site "?"]
[Date "2018.08.17"]
[Round "4"]
[White "Ani, Barua"]
[Black "Nilay, Bhoot"]
[Result "1/2-1/2"]
[WhiteElo "1209"]
[BlackElo "1442"]
[PlyCount "60"]

1. e4 c5 2. Nf3 Nc6 3. Bb5 g6 4. O-O Bg7 5. Re1 Nf6 6. c3 O-O 7. d4 cxd4 8.
cxd4 e6 9. Nc3 Qc7 10. e5 Ne8 11. Bf4 a6 12. Bf1 b5 13. Rc1 Bb7 14. Qd2 d6 15.
d5 exd5 16. Nxd5 Qd8 17. exd6 Nxd6 18. b3 Nf5 19. g4 Nfd4 20. Nxd4 Qxd5 21. Bg2
Qxd4 22. Bxc6 Qxd2 23. Bxd2 Bxc6 24. Rxc6 Rfc8 25. Rec1 Re8 26. Be3 a5 27. a4
bxa4 28. bxa4 Re4 29. Rc8+ Re8 30. R8c4 h6 1/2-1/2

[Event "Seattle Summer Classic"]
[Site "?"]
[Date "2018.08.18"]
[Round "5"]
[White "Saket, Sing"]
[Black "Ani, Barua"]
[Result "1-0"]
[WhiteElo "1317"]
[BlackElo "1442"]
[PlyCount "55"]

1. e4 e5 2. Nf3 Nc6 3. Nc3 Nf6 4. d4 exd4 5. Nxd4 d6 6. Bb5 Bd7 7. O-O Be7 8.
Bf4 O-O 9. h3 Ne5 10. Bxd7 Qxd7 11. Nf5 Rfe8 12. Bxe5 dxe5 13. Qxd7 Nxd7 14.
Nxe7+ Rxe7 15. Nd5 Kf8 16. Rad1 Nb6 17. Nxe7 Kxe7 18. b3 Ke6 19. Rd3 Re8 20.
Rfd1 Ke7 21. c4 c5 22. a4 Kf8 23. a5 Nc8 24. Rd8 b6 25. a6 Ke7 26. R1d7+ Kf8
27. Rxe8+ Kxe8 28. Rc7 1-0

[Event "Seattle Summer Classic"]
[Site "?"]
[Date "2018.08.18"]
[Round "6"]
[White "Ani, Barua"]
[Black "Mudit, Johar"]
[Result "1-0"]
[WhiteElo "1442"]
[BlackElo "1043"]
[PlyCount "40"]

1. e4 c6 2. d4 d5 3. Nc3 Nf6 4. exd5 cxd5 5. Nf3 Bg4 6. Be2 e6 7. Be3 Bd6 8.
O-O Nbd7 9. h3 Bf5 10. Nb5 Bb8 11. c4 a6 12. Nc3 Qc7 13. cxd5 exd5 14. Rc1 Qd6
15. Bd3 Be4 16. Re1 Kf8 17. Kf1 Bc7 18. g3 Qb6 19. b3 Qa5 20. Qe2 Bd6
21. Bd2 Qb6 22. Be3 Qb4 23. Nd2 Bg6 24. Bxg6 hxg6 25. Kg2 Re8 26. Qf3 Qa5 27.
Rc2 Kg8 28. Rec1 Kh7 29. Bf4 Bb4 30. g4 Rc8 31. Ndb1 Rc6 32. a3 Bxa3 33. Ra2
Rxc3 34. Rxc3 Qb6 35. Nxa3 Qxd4 36. Qe3 Qe4+ 37. Qxe4 dxe4 38. Rc7 b5 39. g5
Nd5 40. Rxd7 Nxf4+ 41. Kh2 Re8 42. Rxf7 e3 43. fxe3 Nd5 44. Nc2 b4 45. Rxa6
Nxe3 46. Nxe3 Rxe3 47. Raa7 Rxb3 48. Rxg7+ Kh8 49. Rxg6 Rb2+ 50. Kg3 Rc2 51.
Rb6 Rc8 52. Rxb4 Rg8 53. Kg4 Rd8 54. h4 Rc8 55. h5 Rd8 56. g6 Rc8 57. Rbb7 Rd8
58. Kg5 Rc8 59. Kh6 Rd8 60. Rh7+ Kg8 61. Rag7+ Kf8 62. Rh8# 1-0

[Event "Seattle Summer Classic"]
[Site "?"]
[Date "2018.08.19"]
[Round "7"]
[White "August, Piper"]
[Black "Ani, Barua"]
[Result "1-0"]
[WhiteElo "1504"]
[BlackElo "1442"]
[PlyCount "83"]

1. Nc3 Nf6 2. e4 e5 3. g3 Nc6 4. Bg2 Bc5 5. Nf3 d6 6. h3 O-O 7. d3 h6 8. Be3 a6
9. Qd2 Nd4 10. Ne2 Ne6 11. Nh4 Bxe3 12. Qxe3 Re8 13. Nf5 Nf8 14. g4 d5 15. g5
Bxf5 16. exf5 d4 17. Qd2 hxg5 18. Bxb7 Ra7 19. Bc6 N8h7 20. Bxe8 Nxe8 21. O-O-O
Qd5 22. Kb1 Rb7 23. c4 Qf3 24. Ng3 Nd6 25. b3 Nxf5 26. Ne4 Nd6 27. Nc5 Rb6 28.
Nd7 Rb7 29. Nxe5 Qf5 30. Nc6 Qc5 31. Ne7+ Kf8 32. Nd5 c6 33. Ne3 dxe3 34. Qxe3
Qa3 35. Rd2 Qb4 36. Re1 a5 37. Rb2 c5 38. Qe5 Qb6 39. Re3 Qc6 40. Rbe2 Qh1+ 41.
Re1 Qc6 42. Qxd6+ 1-0

[Event "Seattle Summer Classic"]
[Site "?"]
[Date "2018.08.18"]
[Round "6"]
[White "Jeffrey, Yan"]
[Black "H.G., Pitre"]
[Result "1/2-1/2"]
[WhiteElo "1842"]
[BlackElo "1836"]
[PlyCount "136"]

1. e4 d5 2. exd5 Nf6 3. d4 Bg4 4. Be2 Bxe2 5. Qxe2 Qxd5 6. Nf3 Nc6 7. Nc3 Qf5
8. O-O O-O-O 9. Rd1 e6 10. a3 h5 11. Qd3 Qxd3 12. Rxd3 Be7 13. Bg5 a6 14. Rad1
Rhf8 15. d5 exd5 16. Nxd5 Nxd5 17. Rxd5 f6 18. Be3 Rxd5 19. Rxd5 Rd8 20. Rxd8+
Kxd8 21. Nh4 Kd7 22. Ng6 Bd6 23. Bf4 Nd4 24. Bxd6 Kxd6 25. Nf4 h4 26. c3 Ne6
27. Nxe6 Kxe6 28. Kf1 Kd6 29. b3 b5 30. Ke2 a5 31. Kd3 Ke5 32. c4 c6 33. a4 b4
34. f4+ Kxf4 35. Kd4 f5 36. Kc5 h3 37. g3+ Kf3 38. Kxc6 Kg2 39. Kb6 Kxh2 40. c5
Kxg3 41. c6 h2 42. c7 h1=Q 43. c8=Q f4 44. Qf5 Qh6+ 45. Kxa5 Qf6 46. Qb1 Qe7
47. Qg1+ Kh4 48. Qh1+ Kg4 49. Qg2+ Kf5 50. Qh3+ Kf6 51. Qh4+ g5 52. Qh6+ Kf5
53. Qh3+ Ke5 54. Kb5 Qb7+ 55. Kc4 Qb6 56. Qh8+ Ke4 57. Qh7+ Kf3 58. Qh1+ Kg3
59. Qe1+ Kg4 60. Qe2+ Kg3 61. Qe1+ Kg2 62. Qe2+ Qf2 63. Qxf2+ Kxf2 64. a5 Ke3
65. a6 f3 66. a7 f2 67. a8=Q f1=Q+ 68. Kxb4 Qe1+ 1/2-1/2

[Event "Seattle Summer Classic"]
[Site "?"]
[Date "2018.08.18"]
[Round "6"]
[White "Jacob, Mayer"]
[Black "Vignesh, Anand"]
[Result "1/2-1/2"]
[WhiteElo "1939"]
[BlackElo "1789"]
[PlyCount "38"]

1. e4 e6 2. d3 d5 3. Nd2 Nf6 4. Ngf3 Be7 5. g3 b6 6. Bg2 Bb7 7. O-O O-O 8. e5
Nfd7 9. Re1 c5 10. h4 Re8 11. Nf1 (11. c3 f6 12. Qe2 fxe5 13. Nxe5 Nxe5 14.
Qxe5 Bd6 15. Qh5 Nd7 16. Bh3 e5 17. Bf5 Nf8 18. Qg4 Kh8 19. h5 Bc8 20. Nf3 Bxf5
21. Qxf5 Qf6 22. Qg4 Ne6 23. Kg2 Rf8 24. Re2 Rae8 25. Ng5 Nxg5 26. Bxg5 Qf5 27.
Qxf5 Rxf5 28. Bd2 Ref8 29. Rf1 Kg8 30. f3 e4 31. dxe4 dxe4 32. Rxe4 Rxh5 33. c4
) 11... f6 12. Qe2 fxe5 13. Nxe5 Nxe5 14. Qxe5 Bd6 15. Qh5 Nd7 16. Bh3 e5 17.
Bf5 Nf8 18. Qg4 Kh8 19. h5 Bc8 1/2-1/2

[Event "Seattle Summer Classic"]
[Site "?"]
[Date "2018.08.18"]
[Round "7"]
[White "Mary, Kuhner"]
[Black "Advaith, Vijayakumar"]
[Result "1/2-1/2"]
[WhiteElo "1907"]
[BlackElo "1894"]
[PlyCount "106"]

1. f4 Nf6 2. Nf3 g6 3. e3 Bg7 4. d4 O-O 5. Bd3 d6 6. O-O Nbd7 7. e4 e5 8. fxe5
dxe5 9. d5 Nc5 10. Qe2 Nxd3 11. Qxd3 Ne8 12. c4 f5 13. Nc3 f4 14. b4 g5 15. Bb2
g4 16. Nd2 Qh4 17. g3 Qh3 18. c5 Rf6 19. Nc4 f3 20. Rf2 h5 21. Qf1 Qxf1+ 22.
Raxf1 Rg6 23. Rd1 Bd7 24. Rfd2 Rd8 25. Nb1 Rg5 26. Nc3 Rg6 27. a4 Rg5 28. d6 c6
29. Na5 b6 30. Nc4 bxc5 31. bxc5 Rb8 32. Rb1 Rb4 33. Na3 Bh6 34. Rdd1 Rg6 35.
Kf2 Rd4 36. Ba1 h4 37. Rb7 hxg3+ 38. hxg3 Rxd1 39. Nxd1 Nxd6 40. Rb8+ Kf7 41.
Nc3 Nc8 42. Nc4 Re6 43. Nd5 Bg7 44. Rb7 Bf8 45. Rxd7+ Ke8 46. Rc7 Kd8 47. Bxe5
cxd5 48. exd5 Rxe5 49. Nxe5 Kxc7 50. d6+ Nxd6 51. cxd6+ Bxd6 52. Nxg4 Kb6 53.
Ne3 Bxg3+ 1/2-1/2

[Event "Seattle Summer Classic"]
[Site "?"]
[Date "2018.08.18"]
[Round "?"]
[White "Jacob, Mayer"]
[Black "Lorenzo, Patton JR"]
[Result "1-0"]
[WhiteElo "1789"]
[BlackElo "1649"]
[PlyCount "63"]

1. e4 e6 2. d3 d5 3. Nd2 c5 4. Ngf3 Nc6 5. g3 g6 6. Bg2 Bg7 7. O-O Nge7 8. Re1
O-O 9. c3 Re8 10. h4 d4 11. cxd4 cxd4 12. e5 Rb8 13. Nc4 Rf8 14. a4 a6 15. Bf4
Nd5 16. Bg5 Qc7 17. Qd2 b5 18. axb5 axb5 19. Nd6 Nxe5 20. Nxe5 Bxe5 21. Bxd5
Qxd6 22. Bf3 Bb7 23. Bxb7 Rxb7 24. h5 Rc7 25. Ra6 Qxa6 26. Rxe5 Qc6 27. Qf4 Ra8
28. Re1 Qd5 29. h6 Qf5 30. Qxd4 e5 31. Rxe5 Rd7 32. Re8+ 1-0